Football - Ces joueurs de Ligue 1 passés par l'Eredevisie - Statistiques

Statistiques générales
  • Ce quiz a été pris 17 fois
  • Le résultat moyen est 6 sur 20
Statistiques - réponses
Carrière Joueur % Correct
Chelsea - Vitesse Arnhem (prêt) - Ajax Amsterdam (prêt) - Lyon - Aston Villa - Istanbul Basaksehir (prêt) - Villarreal - Ajax Amsterdam Bertrand TRAORÉ
69%
Ajax - Real Madrid - Inter - Galatasaray - Nice - Al-Gharafa Wesley SNEIJDER
69%
OFI Crète - Vitesse Arnhem - OL - Real Madrid - Monaco - Fulham Mahamadou DIARRA
46%
Cruzeiro - Ajax - Inter Milan - Barcelone - PSG - Itteville MAXWELL
46%
Ajax - PSG - Fenerbahce - Cagliari - Toronto FC Grégory VAN DER WIEL
38%
PSG - Troyes (prêt) - Valenciennes (prêt) - Saint-Étienne (prêt) - Delfino Pescara (prêt) - Utrecht (prêt) - Utrecht - Partizan Belgrade - Atélico Palmaflor Jean- Christophe BAHEBECK
38%
Zamalek - La Gantoise - Ajax - Celta Vigo (prêt) - OM - Roma - Tottenham - Middlesbrough - Wigan (prêt) - Zamalek (prêt) - West Ham (prêt) - Ajax (prêt) - Zamalek - Barnsley MIDO
38%
Ajax - PSG - Leverkusen - Atalanta Bergame - Lille (prêt) Mitchell BAKKER
38%
Ajax - Milan AC - Barcelone - Newcastle - Valence - PSV - Lille Patrick KLUIVERT
38%
CA Banfield - Real Murcie - CA Independiente - Ajax - OL Nicolas TAGLIAFICO
31%
Juventus - Empoli (prêt) - Rennes (prêt) - Cagliari (prêt) - Ajax (prêt) Daniele RUGANI
23%
OL - Inter Milan - Real Sociedad - Sochaux - PSV - Sochaux - Troyes - Bordeaux - Gazelec Ajaccio Jérémie BRÉCHET
23%
Cannes - Rennes - Ajax - Séville FC - Besiktas Julien ESCUDÉ
23%
Nice - Nîmes (prêt) - Ajax Amsterdam Olivier BOSCAGLI
23%
PSG - Monaco - Dijon (prêt) - Utrecht (prêt) - Excelsior Rotterdam (prêt) - Excelsior Rotterdam Arthur ZAGRÉ
15%
Ajax - Valence - Bastia - Saint-Étienne - PEC Zwolle - Feyenoord Rotterdam - HFC Haarlem Johnny REP
15%
Radnički Pirot - FK Loznica - Sartid Smederevo - Partizan Belgrade - PSV - Chelsea - Atletico - Fenerbahce - PSG (prêt) - PSG - Zenit (prêt) - South China AA - BATE Borisov - South China AA Mateja KEZMAN
15%
RC Lens - Real Sociedad - CD Mirandes (prêt) - CD Tondela (prêt) - FC Utrecht (prêt) - FC Utrecht - Montpellier Modibo SAGNAN
15%
PSG - Sunderland (prêt) - Adana Demirspor (prêt) - Adana Demirspor - Fortuna Sittard Edouart MICHUT
8%
Angoulême - Lille - Rouen (prêt) - Brest - Utrecht - Nancy - West Brom (prêt) - Celtic - West Brom - Doncaster Rovers (prêt) - Wigan - Coventry - Southend - Chesterfield - La Louvière Marc-Antoine FORTUNÉ
8%
Aucun quiz correspondant
Distribution des résultats
% des personnes avec chaque résultat
Percentile par nombre de réponses
Votre historique - résultats
Vous n’avez pas pris ce quiz